| 000 | 00726nam a22001817a 4500 | ||
|---|---|---|---|
| 999 |
_c19259 _d19259 |
||
| 008 | 240221b ||||| |||| 00| 0 eng d | ||
| 020 | _a9781119691976 | ||
| 082 |
_aDC 378.1940973 _bH191 2023 |
||
| 245 |
_aThe handbook of student affairs administration / _cedited by George S. McClellan, Judy Marquez Kiyama. |
||
| 250 | _aFifth edition. | ||
| 260 |
_aHoboken, NJ : _bJossey-Bass, _c©2023. |
||
| 300 |
_axxiv, 644 pages ; _c25 cm. |
||
| 500 | _aIncludes index. | ||
| 650 |
_aStudent affairs services _zUnited States _vHandbooks, manuals, etc. _952891 |
||
| 650 |
_aStudent activities _zUnited States _xManagement _vHandbooks, manuals, etc. _952892 |
||
| 700 |
_aKiyama, Judy Marquez _eeditor. _952893 |
||
| 942 |
_2ddc _cDC |
||